| 000 | 00410nam a2200157Ia 4500 | ||
|---|---|---|---|
| 008 | 160319s9999 xx 000 0 und d | ||
| 245 | _aKiriku / | ||
| 245 | _cwritten and directed by Michael Ocelot. | ||
| 260 | _aManila : | ||
| 260 | _bPaulines Audiovisual. | ||
| 260 | _c2004 | ||
| 300 | _a1 videodisc (75 min.) : | ||
| 300 | _bsound, colored ; | ||
| 300 | _c4 3/4 in. | ||
| 650 | _aTales -- Africa. | ||
| 999 |
_c292666 _d292666 |
||